|
|
|
|
| LEADER |
00000nam a2200000Ia 4500 |
| 008 |
161020b1985 mx ||||| |||| 00| | spa d |
| 020 |
|
|
|a 9688530425
|
| 090 |
|
|
|a 121
|b P579e 1985
|
| 100 |
1 |
|
|9 639
|a Piaget, Jean
|
| 245 |
1 |
0 |
|a Epistemología y psicología de la identidad /
|c Jean Piaget, Hermine Sinclair, Vinh Bang
|
| 260 |
|
|
|a México D.F. :
|b Paidós,
|c 1985
|
| 300 |
|
|
|a 187 páginas
|
| 650 |
1 |
4 |
|a EPISTEMOLOGÍA
|9 562
|
| 650 |
1 |
4 |
|a PSICOLOGÍA
|9 657
|
| 650 |
1 |
4 |
|a IDENTIDAD
|9 1044
|
| 700 |
1 |
|
|a Sinclair, Hermine
|9 2101
|
| 700 |
1 |
|
|a Bang, Vinh
|9 2102
|
| 942 |
|
|
|i 431023
|h 121 P579e 1985
|2 z
|c 01
|
| 999 |
|
|
|c 426
|d 426
|